Termodynamické aspekty tvorby úrody ľanu olejného

Bibliographic Details
Main Authors: Černý, Ivan, 1964- (Author), Candráková, Eva, 1952- (Author)
Format: Article
Language:Slovak
PhysicalDescription:Obr., tab.
ISSN:1335-258X
Subjects:

MARC

LEADER 00000nab a2200000 a 4500
001 vtls008307542
003 SK-MaSNL
005 20260304145516.0
008 250505c2004 xo mr|p|||||||000 b|slo
015 |a SNBRB2005/11  |2 snkbucl 
035 |a (uuid)5b78a211-b960-43f2-b07b-338d3a102d41 
035 |a urn:nbn:sk:snk-ab2dih 
035 |a (urnnbn)urn:nbn:sk:snk:ar-a027hv 
038 |a SNKBUCL 
040 |a SNKBUCL  |b slo  |c SNKBUCL  |e AACR2 
041 0 |a slo  |b eng  |b slo 
044 |a xo  |c SK 
080 |a 633.85:631.8:581.54  |2 1997 
080 |a 631.8  |2 1997 
080 |a 581.54  |2 1997 
100 1 |a Černý, Ivan,  |d 1964-  |4 aut  |9 188616 
245 1 0 |a Termodynamické aspekty tvorby úrody ľanu olejného  |c Ivan Černý, Eva Candráková 
246 3 1 |a Thermodynamical aspects of the oil flax yield creation 
300 |b Obr., tab. 
504 |a Bibliogr. odkazy 
546 |a Res. angl., slov. 
650 0 7 |a olejný ľan  |2 snkbucl  |9 1085055 
650 0 7 |a úroda  |2 snkbucl  |9 506412 
650 0 7 |a hnojenie  |2 snkbucl  |9 14850 
650 0 7 |a klimatické podmienky  |2 snkbucl  |9 73861 
700 1 |a Candráková, Eva,  |d 1952-  |4 aut  |9 189255 
773 0 |t Acta fytotechnica et zootechnica  |g Roč. 7, č. 2 (2004), s. 37-41  |x 1335-258X 
850 |a Slovenská národná knižnica 
852 |a Slovenská národná knižnica 
954 |a odborná, vedecká literatúra pôvodná (slovenská)  |2 lita 
958 |a article27 
958 |a NB 
958 |a OND 
958 |a EUIPO 
999 |c 2935849  |d 2937779